Framing: el encuadre de las noticias. El binomio terrorismo-medios
Zapisane w:
| 1. autor: | |
|---|---|
| Format: | Książka |
| Język: | hiszpański |
| Wydane: |
Buenos Aires
La Crujía
2008
|
| Wydanie: | 1a. ed |
| Seria: | Inclusiones: Categorías
|
| Hasła przedmiotowe: | |
| Etykiety: |
Dodaj etykietę
Nie ma etykietki, Dołącz pierwszą etykiete!
|
MARC
| LEADER | 00000cam a2200000 a 4500 | ||
|---|---|---|---|
| 001 | UCH2608 | ||
| 003 | CL-VaPUC | ||
| 008 | 090618e20080200AG |||||||||||||||||spa|d | ||
| 020 | |a 9789876010283 | ||
| 082 | 0 | 4 | |a 401.41 |b SAD |2 21 |
| 100 | 0 | |a Sádaba, Teresa |e author |9 537559 | |
| 245 | 1 | 0 | |a Framing: el encuadre de las noticias. El binomio terrorismo-medios |
| 250 | |a 1a. ed | ||
| 300 | |a 320 p | ||
| 942 | |c BK | ||
| 945 | |d 20090618 00:00:00 |a dcastane | ||
| 260 | |a Buenos Aires |b La Crujía |c 2008 | ||
| 650 | 0 | |a Análisis del discurso |9 256696 | |
| 650 | 0 | |a Sociolingüística |9 263716 | |
| 650 | 0 | |a Teoría de la comunicación |9 260752 | |
| 650 | 0 | |a Métodos de investigación |9 262618 | |
| 650 | 0 | |a Análisis periodístico |9 537560 | |
| 583 | |a last modification |c 20150107 01:57:09 |k Rodrigo Vera | ||
| 490 | 0 | |a Inclusiones: Categorías | |
| 999 | |c 334334 |d 334332 | ||
| 952 | |0 0 |1 0 |4 0 |6 401_410000000000000_SAD_2008 |7 0 |8 A |9 423305 |a BIBCUR |b BIBCUR |d 2019-11-22 |i 4562461 |o 401.41 SAD 2008 |p 4562461 |r 2025-04-22 |w 2019-11-22 |y BK |k MGC | ||
| 952 | |0 0 |1 0 |4 0 |6 401_410000000000000_SAD_2008 |7 0 |8 A |9 423306 |a BIBCUR |b BIBCUR |d 2019-11-22 |i 4668731 |o 401.41 SAD 2008 |p 4668731 |r 2025-04-22 |w 2019-11-22 |y BK |k MGC | ||
| 952 | |0 0 |1 0 |4 0 |6 401_410000000000000_SAD_2008 |7 0 |8 A |9 423307 |a BIBCUR |b BIBCUR |d 2019-11-22 |i 4940237 |o 401.41 SAD 2008 |p 4940237 |r 2025-04-22 |w 2019-11-22 |y BK |k MGC | ||